00355nam a2200145Ia 4500008004100000020002200041041000800063082001700071100001200088245001500100260004900115500000900164650002400173700001200197230125s9999 xx 000 0 und d a978-81-8371-318-4 aeng a005.133bDAS aDas R K aBasic Java c2010bScitech Publishers Pvt. LtdaHyderabad aJava aComputer Management aDas R K